Daily Capital City Riddle #39 - Statistics

General Stats
  • This quiz has been taken 68 times
  • The average score is 26 of 36
Answer Stats
Type Answer % Correct
Found Letter A
98%
Found Letter I
98%
Alphabet Letter N
98%
Alphabet Letter O
98%
Found Letter S
98%
Alphabet Letter T
96%
Alphabet Letter E
92%
Alphabet Letter R
92%
Found Letter L
91%
Alphabet Letter U
91%
Alphabet Letter G
89%
Found Letter B
87%
Alphabet Letter C
87%
Found Letter D
85%
Found Letter M
83%
Correctly Placed Letter A
81%
Alphabet Letter W
81%
Correctly Placed Letter A
79%
Alphabet Letter H
79%
Alphabet Letter K
77%
Alphabet Letter P
75%
Alphabet Letter J
68%
Alphabet Letter V
64%
Correctly Placed Letter A
62%
Alphabet Letter Y
62%
Alphabet Letter F
57%
Correctly Placed Letter L
57%
Alphabet Letter X
55%
Correctly Placed Letter M
53%
Alphabet Letter Z
49%
Alphabet Letter Q
43%
Correctly Placed Letter S
43%
Correctly Placed Letter B
38%
Correctly Placed Letter D
36%
Correctly Placed Letter I
36%
Mystery Capital Islamabad
36%
No matching quizzes found
Score Distribution
Percent of People with Each Score
Percentile by Number Answered
Your Score History
You have not taken this quiz